[Event "2nd Torneo del Vino"]
[Site "Montilla ESP"]
[Date "1972.08.31"]
[Round "8"]
[White "Medina Garcia, Antonio Angel"]
[Black "O'Kelly de Galway, Alberic"]
[Result "1/2-1/2"]
[WhiteElo "2420"]
[BlackElo "2450"]
[EventDate "1972.08.24"]
[PlyCount "85"]

1.e4 e5 2.Nf3 Nc6 3.Bb5 a6 4.Ba4 Nf6 5.O-O Be7 6.Re1 b5 7.Bb3 d6 8.c3 O-O 
9.h3 Na5 10.Bc2 c5 11.d4 Qc7 12.Nbd2 Nc6 13.d5 Nd8 14.a4 Rb8 15.axb5 axb5 
16.b4 Nb7 17.Nf1 Bd7 18.Be3 Ra8 19.Qd2 Rfc8 20.Bd3 c4 21.Bc2 Ne8 22.Ng3 g6
23.Nh2 Nd8 24.f4 exf4 25.Bxf4 f6 26.h4 Nf7 27.h5 Ng7 28.hxg6 hxg6 29.Nf3 
Qd8 30.Be3 Rxa1 31.Rxa1 Ne5 32.Nxe5 fxe5 33.Bd1 Ra8 34.Qc1 Bg5 35.Rxa8 
Bxe3+ 36.Qxe3 Qxa8 37.Bf3 Qd8 38.Nf1 Ne8 39.Nh2 Nf6 40.Qa7 Kf8 41.Nf1 Ke7 
42.Ne3 Qh8 43.Ng4 1/2-1/2

[Event "2nd Torneo del Vino"]
[Site "Montilla ESP"]
[Date "1972.08.31"]
[Round "8"]
[White "Palacios de la Prida, Ernesto"]
[Black "Damjanovic, Mato"]
[Result "1/2-1/2"]
[WhiteElo "2340"]
[BlackElo "2490"]
[EventDate "1972.08.24"]
[PlyCount "29"]

1.e4 c5 2.c3 e6 3.d3 d5 4.Qc2 Nc6 5.f4 Nf6 6.Nf3 d4 7.Be2 b5 8.O-O Bb7 9.
a4 b4 10.c4 Ng4 11.Ne1 Ne3 12.Bxe3 dxe3 13.Qc1 Nd4 14.Qxe3 Be7 15.Nd2 
1/2-1/2

[Event "2nd Torneo del Vino"]
[Site "Montilla ESP"]
[Date "1972.08.31"]
[Round "8"]
[White "Rossolimo, Nicolas"]
[Black "Hartoch, Robert"]
[Result "1/2-1/2"]
[WhiteElo "2450"]
[BlackElo "2400"]
[EventDate "1972.08.24"]
[PlyCount "88"]

1.e4 g6 2.d4 Bg7 3.Nc3 d6 4.f4 Nc6 5.Be3 Nf6 6.Nf3 O-O 7.Qd2 Bg4 8.d5 Nb8 
9.Be2 c6 10.h3 Bxf3 11.Bxf3 cxd5 12.exd5 Nbd7 13.Bd4 Rc8 14.O-O Qa5 15.
Rae1 Rfe8 16.Qd3 Nc5 17.Qb5 Qxb5 18.Nxb5 a6 19.Nc3 b5 20.a3 Nfd7 21.Bxg7 
Kxg7 22.Re3 Nb6 23.b3 Rc7 24.Ne2 Ncd7 25.c3 Nf6 26.Rd1 Rc5 27.Red3 Rec8 
28.Kf2 R5c7 29.Rc1 a5 30.g3 b4 31.axb4 axb4 32.c4 Ra7 33.Rc2 Ra3 34.Rcd2 
Nbd7 35.Nd4 Nc5 36.Re3 Rca8 37.Kg2 Kf8 38.g4 Ra2 39.Ree2 Rxd2 40.Rxd2 Ra3 
41.g5 Nfd7 42.Bd1 Ne4 43.Rb2 Ndc5 44.Be2 Nc3 1/2-1/2

[Event "2nd Torneo del Vino"]
[Site "Montilla ESP"]
[Date "1972.09.01"]
[Round "9"]
[White "Damjanovic, Mato"]
[Black "Medina Garcia, Antonio Angel"]
[Result "1/2-1/2"]
[WhiteElo "2490"]
[BlackElo "2420"]
[EventDate "1972.08.24"]
[PlyCount "58"]

1.b3 c5 2.Bb2 Nc6 3.e3 Nf6 4.Nf3 e6 5.Bb5 Be7 6.O-O O-O 7.Bxc6 bxc6 8.d3 
d6 9.Nbd2 e5 10.h3 Nd5 11.c4 Nb4 12.Ne1 a5 13.a3 Na6 14.f4 exf4 15.Rxf4 
Bg5 16.Rf3 d5 17.Nc2 Nc7 18.b4 Ne6 19.cxd5 cxd5 20.Nb3 Qb6 21.Nxc5 Nxc5 
22.Bd4 axb4 23.axb4 Rxa1 24.Qxa1 Nb3 25.Bxb6 Nxa1 26.Nxa1 Ba6 27.Rf5 Bf6 
28.Rxd5 Bxa1 29.Ra5 Bxd3 1/2-1/2

[Event "2nd Torneo del Vino"]
[Site "Montilla ESP"]
[Date "1972.09.01"]
[Round "9"]
[White "Hartoch, Robert"]
[Black "Cafferty, Bernard"]
[Result "1/2-1/2"]
[WhiteElo "2430"]
[BlackElo "2370"]
[EventDate "1972.08.24"]
[PlyCount "78"]

1.Nf3 Nf6 2.g3 g6 3.b3 Bg7 4.Bb2 O-O 5.Bg2 d5 6.O-O Bg4 7.c4 c6 8.Na3 Bxf3
9.Bxf3 e6 10.d3 Nbd7 11.Nc2 Qc7 12.Bg2 Rfd8 13.Qc1 Ne8 14.Bxg7 Kxg7 15.
Qb2+ Qe5 16.Qxe5+ Nxe5 17.Rfd1 Nc7 18.d4 Ng4 19.Bf1 h5 20.f3 Nf6 21.Kf2 
Re8 22.e3 Re7 23.Rd3 Nd7 24.cxd5 exd5 25.Rc3 Nf6 26.h4 Nfe8 27.Ne1 Nd6 28.
a4 Rae8 29.Ng2 a6 30.Bd3 Kf6 31.Re1 Ne6 32.Rb1 Nc7 33.Bf1 Kg7 34.Re1 Kf6 
35.Rcc1 Kg7 36.Bd3 Kh6 37.Nf4 Ne6 38.Ne2 Ng7 39.Nf4 Ne6 1/2-1/2

[Event "2nd Torneo del Vino"]
[Site "Montilla ESP"]
[Date "1972.09.01"]
[Round "9"]
[White "Hecht, Hans-Joachim"]
[Black "Rossolimo, Nicolas"]
[Result "1-0"]
[WhiteElo "2485"]
[BlackElo "2450"]
[EventDate "1972.08.24"]
[PlyCount "43"]

1.e4 c5 2.Nf3 d6 3.d4 cxd4 4.Nxd4 Nf6 5.Nc3 a6 6.g3 Bg4 7.f3 Bd7 8.Be3 Nc6
9.Qd2 g6 10.Bc4 Bg7 11.Bb3 Na5 12.O-O-O Nxb3+ 13.cxb3 Qa5 14.Kb1 Rd8 15.h4
h5 16.Rhe1 e5 17.Nc2 Bc6 18.Qf2 Nd7 19.Rxd6 O-O 20.Rxd7 Rxd7 21.Bb6 Rd2 
22.Qg1 1-0

[Event "2nd Torneo del Vino"]
[Site "Montilla ESP"]
[Date "1972.09.01"]
[Round "9"]
[White "O'Kelly de Galway, Alberic"]
[Black "Kurajica, Bojan"]
[Result "1/2-1/2"]
[WhiteElo "2450"]
[BlackElo "2490"]
[EventDate "1972.08.24"]
[PlyCount "38"]

1.d4 d5 2.c4 e6 3.Nf3 Nf6 4.cxd5 exd5 5.Nc3 Be7 6.Bg5 c6 7.e3 Ne4 8.Bxe7 
Qxe7 9.Nxe4 dxe4 10.Nd2 O-O 11.Qc2 Re8 12.Be2 Nd7 13.Rc1 Nf6 14.Qc5 Qxc5 
15.Rxc5 Be6 16.a3 Bd5 17.O-O a5 18.Rc3 b5 19.Rc2 Nd7 1/2-1/2

[Event "2nd Torneo del Vino"]
[Site "Montilla ESP"]
[Date "1972.09.01"]
[Round "9"]
[White "Pomar Salamanca, Arturo"]
[Black "Palacios de la Prida, Ernesto"]
[Result "1/2-1/2"]
[WhiteElo "2510"]
[BlackElo "2340"]
[EventDate "1972.08.24"]
[PlyCount "30"]

1.d4 d5 2.c4 c6 3.cxd5 cxd5 4.Nf3 Nf6 5.Nc3 Nc6 6.Bf4 Bf5 7.e3 e6 8.Bb5 
Nd7 9.Rc1 Rc8 10.O-O Be7 11.Ne5 Ndxe5 12.Bxe5 O-O 13.Bg3 Bd6 14.Bxd6 Qxd6 
15.Bxc6 Rxc6 1/2-1/2